| 000 | 00779cam a2200229 a 4500 | ||
|---|---|---|---|
| 001 | 2893652 | ||
| 003 | BD-DhUL | ||
| 005 | 20170420115042.0 | ||
| 008 | 870331s1987 mdu 000 0 eng | ||
| 010 | _a 87001357 | ||
| 020 | _a0917561392 | ||
| 040 |
_aBD-DhUL _cBD-DhUL _dBD-DhUL |
||
| 043 |
_aaw----- _an-us--- |
||
| 050 | 0 | 0 |
_aDS63.2.U5 _bB63 1987 |
| 082 | 0 | 0 |
_a327.56073 _219 |
| 100 | 1 |
_aBookbinder, Hyman Harry, _d1916- |
|
| 245 | 1 | 0 |
_aThrough different eyes : _btwo leading Americans, a Jew and an Arab, debate U.S. policy in the Middle East / _cHyman Bookbinder and James G. Abourezk; moderated by David K. Shipler. |
| 260 |
_aBethesda, Md. : _bAdler & Adler, _c1987. |
||
| 300 |
_ax, 312 p. ; _c25 cm. |
||
| 700 | 1 |
_aAbourezk, James G., _d1931- |
|
| 942 |
_2ddc _cREF |
||
| 999 |
_c189488 _d189488 |
||